00302nam a2200097Ia 4500008004100000100001400041245007700055260004200132300000800174650002200182190216s9999||||xx |||||||||||||| ||und|| aFinar I L 0aOrganic Chemistry Sterio Chemistry And The Chemistry Of Natural Products bPearson Education Internationalc2004 a942 aOrganic Chemistry